Classifica perpetua della Coppa UEFA / UEFA Europa League - Statistics

Statistiche generali
  • Questo quiz è stato fatto 123 volte
    67 dall'ultimo reset
  • Il punteggio medio è 13 su 15
Statistiche sulle risposte
Nazione Squadra Partecipazioni Punti Partite giocate Vinte Pareggiate Perse % Corretto
Italia Inter 28 236 191 96 44 51
98%
Italia Juventus 15 181 128 79 23 26
98%
Paesi Bassi Ajax 31 209 177 89 31 57
95%
Italia Roma 21 234 186 97 40 49
95%
Paesi Bassi AZ Alkmaar 17 185 156 71 43 42
93%
Spagna Siviglia 17 217 158 92 33 33
88%
Portogallo Sporting Lisbona 36 238 203 95 48 60
88%
Italia Lazio 21 197 163 79 39 45
87%
Paesi Bassi PSV Eindhoven 27 219 179 90 39 50
83%
Scozia Rangers 23 191 160 71 49 40
83%
Belgio Anderlecht 23 201 168 80 41 47
77%
Serbia Stella Rossa 31 182 165 70 42 53
75%
Inghilterra Tottenham 17 236 168 98 40 30
75%
Belgio Club Brugge 32 200 182 79 42 61
65%
Spagna Villarreal 12 185 134 77 31 26
58%
Nessun quiz corrispondente trovato
Distribuzione punteggi
Percentuale di utenti per punteggio
Percentile per numero di risposta
I tuoi punteggi nel tempo
Non hai fatto questo quiz dall'ultimo reset